[Event "Auckland Wade Masters"]
[Site "Auckland"]
[Date "2023.01.18"]
[Round "7"]
[White "Stark, John"]
[Black "Lukey, Stephen G"]
[Result "0-1"]
[WhiteElo "2009"]
[BlackElo "2158"]
[PlyCount "84"]
[EventDate "2023.01.14"]
[EventType "tourn"]
[EventRounds "9"]
[EventCountry "NZL"]
[SourceTitle "CBM 212 Extra"]
[Source "ChessBase"]
[SourceDate "2023.03.31"]
[SourceVersion "1"]
[SourceVersionDate "2023.03.31"]
[SourceQuality "1"]

1. b3 d5 2. Bb2 Bg4 3. g3 Nf6 4. Bg2 Nbd7 5. Nf3 e6 6. d3 Bd6 7. Nbd2 e5 8. h3 Bh5 9. g4 Bg6 10. Nh4 c6 11. e3 Qe7 12. a3 0-0 13. Nxg6 hxg6 14. Qe2 Rfe8 15. h4 Nc5 16. h5 g5 17. Qf3 Qe6 18. Qf5 Nxg4 19. Qxe6 Nxe6 20. Bh3 Nh6 21. Rg1 f6 22. 0-0-0 Rad8 23. Nf3 Kf7 24. Kb1 Bc7 25. Bc1 Bb6 26. Rg2 Rh8 27. Re1 g4 28. Bxg4 Nxg4 29. Rxg4 Rxh5 30. d4 e4 31. Nd2 Rdh8 32. f3 Rg5 33. Rxg5 Nxg5 34. fxe4 Nxe4 35. Nf3 Rh3 36. Rf1 Ke6 37. Ng1 Rh2 38. a4 g5 39. Kb2 g4 40. Rf4 f5 41. b4 Bc7 42. Rf1 Rg2 0-1

[Event "Christchurch Nijman Memorial"]
[Site "Christchurch"]
[Date "2022.05.13"]
[Round "1"]
[White "Yu, Zachary"]
[Black "Lukey, Stephen G"]
[Result "0-1"]
[WhiteElo "1785"]
[BlackElo "2328"]
[PlyCount "166"]
[EventDate "2022.05.13"]
[EventType "swiss"]
[EventRounds "6"]
[EventCountry "NZL"]
[SourceTitle "EXT 2024"]
[Source "ChessBase"]
[SourceDate "2023.10.10"]
[SourceVersion "1"]
[SourceVersionDate "2023.10.10"]
[SourceQuality "1"]

1. d4 Nf6 2. c4 g6 3. Nc3 Bg7 4. e4 d6 5. Be2 0-0 6. Be3 Na6 7. h4 h5 8. f3 e5 9. d5 c5 10. g4 Qa5 11. Bd2 Nc7 12. Nh3 Bd7 13. Nf2 Qa6 14. a4 Qb6 15. a5 Qa6 16. Nd3 hxg4 17. fxg4 Qxc4 18. Nxe5 Qd4 19. Nxd7 Nxd7 20. Qc2 c4 21. 0-0-0 Nc5 22. Bf4 Nb3+ 23. Kb1 Qc5 24. Na4 Qxa5 25. Bxc4 Nd4 26. Bd2 Nxc2 27. Bxa5 Ne3 28. Rc1 Nxc4 29. Rxc4 Nxd5 30. exd5 b5 31. Rc6 bxa4 32. Rhc1 Rab8 33. Bc3 a3 34. Bxg7 Kxg7 35. R1c2 axb2 36. Rxb2 Rxb2+ 37. Kxb2 Re8 38. Rc4 Re3 39. Kc2 Ra3 40. g5 Ra5 41. Rd4 Rc5+ 42. Kb3 Kf8 43. Kb4 a5+ 44. Kb3 Ke7 45. Re4+ Kd8 46. Rf4 Ke7 47. Re4+ Kf8 48. Rd4 f5 49. Ka4 Ke7 50. Ka3 Kd7 51. Kb3 Kc7 52. Rc4 a4+ 53. Rxa4 Rxd5 54. Ra7+ Kc6 55. Kc4 Re5 56. Ra6+ Kd7 57. Ra7+ Ke6 58. Kd3 Re4 59. Rh7 Rg4 60. Rh6 Ke5 61. Ke3 f4+ 62. Kf3 Rg3+ 63. Kf2 Kf5 64. Rh8 d5 65. Rd8 Kg4 66. Rh8 Rh3 67. Rh6 Rxh4 68. Rxg6 Rh5 69. Ra6 Rxg5 70. Ra3 Rh5 71. Ra8 Rh2+ 72. Kg1 Rd2 73. Ra3 d4 74. Kf1 f3 75. Ra8 Kf4 76. Re8 Ra2 77. Re7 d3 78. Rf7+ Ke3 79. Re7+ Kd4 80. Rd7+ Kc3 81. Rc7+ Kd2 82. Rd7 Kc2 83. Rc7+ Kd1 0-1

[Event "NZL-ch Rapid 129th"]
[Site "Christchurch"]
[Date "2022.01.11"]
[Round "3"]
[White "Lukey, Stephen G"]
[Black "Van der Hoorn, Thomas"]
[Result "1-0"]
[WhiteElo "2141"]
[BlackElo "1685"]
[PlyCount "165"]
[EventDate "2022.01.11"]
[EventType "swiss (rapid)"]
[EventRounds "9"]
[EventCountry "NZL"]
[SourceTitle "CBM 206 Extra"]
[Source "ChessBase"]
[SourceDate "2022.03.31"]
[SourceVersion "1"]
[SourceVersionDate "2022.03.31"]
[SourceQuality "1"]

1. d4 Nf6 2. c4 e6 3. Nf3 d5 4. Nc3 Be7 5. Bf4 0-0 6. e3 b6 7. cxd5 exd5 8. Bd3 Be6 9. 0-0 c5 10. Ne5 Nfd7 11. Qh5 g6 12. Qh6 Nxe5 13. dxe5 Nc6 14. Rad1 d4 15. Ne4 f6 16. exf6 Bxf6 17. Bg5 Bg7 18. Qh4 Qd7 19. a3 Bf5 20. Bc4+ Be6 21. Bd3 Bf5 22. Bf4 Be5 23. Bc4+ Be6 24. Bxe6+ Qxe6 25. Qxh7+ Kxh7 26. Ng5+ Kg8 27. Nxe6 Rf6 28. Bxe5 Rxe6 29. exd4 Nxe5 30. dxe5 Rxe5 31. Rd2 Re7 32. g3 Kg7 33. Rfd1 Rae8 34. Kg2 b5 35. Rd7 a6 36. R1d6 a5 37. Rxe7+ Rxe7 38. Rb6 b4 39. Rb5 Re2 40. Rxc5 Rxb2 41. Rxa5 bxa3 42. Rxa3 Kf6 43. h3 g5 44. Ra5 Rb6 45. Kf3 Rb3+ 46. Kg4 Rb4+ 47. Kh5 Rb2 48. Rxg5 Rxf2 49. Ra5 Rb2 50. g4 Rb3 51. h4 Rb1 52. Ra6+ Kg7 53. g5 Rb7 54. Rc6 Ra7 55. Rc4 Rd7 56. Kg4 Kf7 57. h5 Kg7 58. Rf4 Re7 59. h6+ Kg6 60. Rf6+ Kh7 61. Kf5 Ra7 62. Re6 Rf7+ 63. Ke5 Ra7 64. Kf6 Ra1 65. Re7+ Kh8 66. Rd7 Rf1+ 67. Kg6 Rf8 68. Rh7+ Kg8 69. Rg7+ Kh8 70. Rf7 Rg8+ 71. Kh5 Re8 72. g6 Re5+ 73. Kg4 Re8 74. Kf5 Ra8 75. Re7 Ra5+ 76. Re5 Ra8 77. Kg5 Rb8 78. Re6 Rb5+ 79. Kf6 Rb8 80. Kf7 Rf8+ 81. Ke7 Ra8 82. Rd6 Ra7+ 83. Rd7 1-0

[Event "NZL-ch op 129th"]
[Site "Christchurch"]
[Date "2022.01.08"]
[Round "7"]
[White "Lukey, Stephen G"]
[Black "Dive, Russell John"]
[Result "1/2-1/2"]
[WhiteElo "2141"]
[BlackElo "2265"]
[PlyCount "35"]
[EventDate "2022.01.02"]
[EventType "swiss"]
[EventRounds "9"]
[EventCountry "NZL"]
[SourceTitle "EXT 2023"]
[Source "ChessBase"]
[SourceDate "2022.10.05"]
[SourceVersion "1"]
[SourceVersionDate "2022.10.05"]
[SourceQuality "1"]

1. d4 Nf6 2. Nf3 d5 3. c4 e6 4. g3 Be7 5. Bg2 0-0 6. 0-0 dxc4 7. Qc2 a6 8. Qxc4 b5 9. Qc2 Bb7 10. Bg5 Nbd7 11. Rd1 Rc8 12. Nc3 b4 13. Na4 Be4 14. Qb3 Bd5 15. Qd3 Be4 16. Qb3 Bd5 17. Qd3 Be4 18. Qb3 1/2-1/2

[Event "NZL-ch op 129th"]
[Site "Christchurch"]
[Date "2022.01.07"]
[Round "6"]
[White "Winter, Ryan"]
[Black "Lukey, Stephen G"]
[Result "0-1"]
[WhiteElo "2006"]
[BlackElo "2141"]
[PlyCount "130"]
[EventDate "2022.01.02"]
[EventType "swiss"]
[EventRounds "9"]
[EventCountry "NZL"]
[SourceTitle "EXT 2023"]
[Source "ChessBase"]
[SourceDate "2022.10.05"]
[SourceVersion "1"]
[SourceVersionDate "2022.10.05"]
[SourceQuality "1"]

1. e4 e6 2. d4 d5 3. Nd2 c5 4. Ngf3 cxd4 5. Nxd4 Nc6 6. Nxc6 bxc6 7. Bd3 Bd6 8. 0-0 Qc7 9. h3 Nf6 10. Re1 0-0 11. c4 dxe4 12. Nxe4 Nxe4 13. Bxe4 f5 14. Bc2 Rb8 15. b3 Be5 16. Rb1 c5 17. Bb2 Bxb2 18. Rxb2 Rf6 19. Bd3 Bb7 20. Rd2 Rg6 21. Bf1 e5 22. Rd7 Qc6 23. Qd5+ Qxd5 24. cxd5 e4 25. Rc1 Ba6 26. Rxc5 Bxf1 27. Kxf1 f4 28. Rc6 a5 29. Re7 f3 30. Rxg6 hxg6 31. Rxe4 fxg2+ 32. Kxg2 Rb5 33. Rd4 Kf7 34. d6 Ke8 35. d7+ Kd8 36. Kf3 g5 37. Kg4 Rc5 38. Rd2 g6 39. h4 gxh4 40. Kxh4 Rf5 41. Kg3 Rc5 42. Kf4 Rh5 43. Ke3 Rf5 44. Ke2 Re5+ 45. Kd1 Rc5 46. Rd3 Rf5 47. f3 Rc5 48. Kd2 Rc6 49. Rd4 Rc5 50. a3 Rf5 51. Ke3 Re5+ 52. Kf4 Rf5+ 53. Ke4 Rf6 54. b4 a4 55. b5 Rb6 56. Rd5 Re6+ 57. Kd4 Rf6 58. Kc5 Rxf3 59. b6 Rxa3 60. Kc6 Rc3+ 61. Rc5 Rxc5+ 62. Kxc5 Kxd7 63. Kb4 Kc6 64. Kxa4 g5 65. Ka5 Kb7 0-1

[Event "NZL-ch op 129th"]
[Site "Christchurch"]
[Date "2022.01.05"]
[Round "4"]
[White "Langford, Josh"]
[Black "Lukey, Stephen G"]
[Result "0-1"]
[WhiteElo "1637"]
[BlackElo "2141"]
[PlyCount "84"]
[EventDate "2022.01.02"]
[EventType "swiss"]
[EventRounds "9"]
[EventCountry "NZL"]
[SourceTitle "EXT 2023"]
[Source "ChessBase"]
[SourceDate "2022.10.05"]
[SourceVersion "1"]
[SourceVersionDate "2022.10.05"]
[SourceQuality "1"]

1. e4 c5 2. Nf3 Nc6 3. d4 cxd4 4. Nxd4 Nf6 5. Nc3 e5 6. Ndb5 d6 7. Bg5 a6 8. Na3 b5 9. Nd5 Be7 10. Bxf6 Bxf6 11. c4 b4 12. Nc2 a5 13. g3 Be6 14. h4 0-0 15. Bg2 Rc8 16. b3 Rb8 17. 0-0 Be7 18. Qd3 Qd7 19. Rad1 Rbd8 20. Kh2 g6 21. Qe3 Kh8 22. Qh6 f5 23. h5 Rf7 24. hxg6 Rg7 25. Rh1 Rxg6 26. Qh5 Bg5 27. Kg1 Rdg8 28. exf5 Bxf5 29. Nce3 Rh6 30. Qf3 Rxh1+ 31. Bxh1 Rf8 32. Nb6 Qd8 33. Qxc6 Bxe3 34. fxe3 Qg5 35. Qf3 Rf7 36. Nd5 Be6 37. Qe2 Bg4 38. Qe1 Bxd1 39. Qxd1 Qxg3+ 40. Bg2 Rf2 41. Nf4 Qxe3 42. Nd5 Qg3 0-1

[Event "NZL-ch op 129th"]
[Site "Christchurch"]
[Date "2022.01.02"]
[Round "1"]
[White "Lukey, Stephen G"]
[Black "Metge, J Nigel"]
[Result "1-0"]
[WhiteElo "2141"]
[BlackElo "1879"]
[PlyCount "57"]
[EventDate "2022.01.02"]
[EventType "swiss"]
[EventRounds "9"]
[EventCountry "NZL"]
[SourceTitle "EXT 2023"]
[Source "ChessBase"]
[SourceDate "2022.10.05"]
[SourceVersion "1"]
[SourceVersionDate "2022.10.05"]
[SourceQuality "1"]

1. d4 e6 2. Nf3 f5 3. g3 Nf6 4. Bg2 d5 5. c4 c6 6. 0-0 Bd6 7. b3 Qe7 8. Ne5 0-0 9. Bf4 Nbd7 10. Nd3 dxc4 11. bxc4 e5 12. dxe5 Nxe5 13. Qb3 Kh8 14. Nd2 Nfd7 15. Nf3 Nxf3+ 16. Bxf3 Bxf4 17. Nxf4 Nc5 18. Qa3 Rf7 19. Rfd1 Ne6 20. Qd6 g6 21. Rab1 Nxf4 22. Qxf4 Be6 23. Rb3 Qc5 24. Rd6 g5 25. Qd2 Re8 26. Rd8 Qe7 27. Rxe8+ Qxe8 28. Bh5 Rd7 29. Qc3+ 1-0

[Event "Melbourne Australasian GM"]
[Site "Melbourne"]
[Date "2019.12.21"]
[Round "8"]
[White "Kuybokarov, Temur"]
[Black "Lukey, Stephen G"]
[Result "1-0"]
[WhiteElo "2496"]
[BlackElo "2163"]
[PlyCount "65"]
[EventDate "2019.12.14"]
[EventType "tourn"]
[EventRounds "9"]
[EventCountry "AUS"]
[EventCategory "6"]
[SourceTitle "CBM 193 Extra"]
[Source "ChessBase"]
[SourceDate "2020.01.31"]
[SourceVersion "1"]
[SourceVersionDate "2020.01.31"]
[SourceQuality "1"]

1. c4 Nf6 2. Nc3 e6 3. e4 d5 4. cxd5 exd5 5. e5 Nfd7 6. d4 c5 7. dxc5 Bxc5 8. Qxd5 0-0 9. Nf3 Qb6 10. Ne4 Bb4+ 11. Bd2 Bxd2+ 12. Qxd2 Nc6 13. Qc3 Ndxe5 14. Nxe5 Nxe5 15. Qxe5 Qb4+ 16. Ke2 Bg4+ 17. Ke3 Rad8 18. f3 Rfe8 19. Qc3 Qb6+ 20. Kf4 Rxe4+ 21. fxe4 Bh5 22. Kg3 Qg6+ 23. Kf2 Qb6+ 24. Ke1 Re8 25. e5 Qf6 26. Kd2 Qf4+ 27. Kc2 Qa4+ 28. b3 Qa3 29. Bd3 b5 30. b4 Qa4+ 31. Kb2 Rd8 32. Rhc1 a5 33. a3 1-0

[Event "Melbourne Australasian GM"]
[Site "Melbourne"]
[Date "2019.12.14"]
[Round "1"]
[White "Lukey, Stephen G"]
[Black "Wallis, Christopher"]
[Result "0-1"]
[WhiteElo "2163"]
[BlackElo "2349"]
[PlyCount "76"]
[EventDate "2019.12.14"]
[EventType "tourn"]
[EventRounds "9"]
[EventCountry "AUS"]
[EventCategory "6"]
[SourceTitle "CBM 193 Extra"]
[Source "ChessBase"]
[SourceDate "2020.01.31"]
[SourceVersion "1"]
[SourceVersionDate "2020.01.31"]
[SourceQuality "1"]

1. d4 Nf6 2. c4 e6 3. Nf3 b6 4. g3 Ba6 5. Qc2 c5 6. d5 exd5 7. cxd5 Bb7 8. Bg2 Nxd5 9. 0-0 Nc6 10. Rd1 Be7 11. Qf5 Nf6 12. e4 g6 13. Qf4 0-0 14. e5 Nh5 15. Qg4 Qb8 16. Nc3 Nxe5 17. Nxe5 Bxg2 18. Kxg2 Qxe5 19. Bh6 Rfe8 20. Qxd7 Nf6 21. Qb7 Qb8 22. Qf3 Qe5 23. Re1 Qh5 24. Qf4 Ng4 25. h3 Nxh6 26. Re5 Nf5 27. Rae1 Red8 28. g4 Qh4 29. Qa4 Rd3 30. gxf5 Qxh3+ 31. Kg1 Rd4 32. Qxd4 cxd4 33. Nd5 Bd6 34. Re8+ Rxe8 35. Nf6+ Kf8 36. Rxe8+ Kg7 37. Ne4 Bh2+ 38. Kh1 Be5+ 0-1

[Event "NZL-ch op rapid"]
[Site "Palmerston North"]
[Date "2018.01.11"]
[Round "9"]
[White "Lukey, Stephen G"]
[Black "Picken, Oliver"]
[Result "1-0"]
[WhiteElo "2258"]
[BlackElo "1899"]
[PlyCount "83"]
[EventDate "2018.01.10"]
[EventType "swiss (rapid)"]
[EventRounds "9"]
[EventCountry "NZL"]
[SourceTitle "EXT 2019"]
[Source "ChessBase"]
[SourceDate "2018.10.10"]
[SourceVersion "1"]
[SourceVersionDate "2018.10.10"]
[SourceQuality "1"]

1. d4 Nf6 2. c4 e5 3. dxe5 Ng4 4. Bf4 g5 5. Bd2 Bg7 6. Nc3 Nxe5 7. Nf3 Nbc6 8. e3 d6 9. Be2 Be6 10. Nd5 Nxf3+ 11. Bxf3 Ne5 12. Qa4+ Bd7 13. Qb3 c6 14. Nc3 Nxf3+ 15. gxf3 b6 16. Ne4 Bf5 17. Bc3 Bxe4 18. Bxg7 Bxf3 19. Bxh8 Bxh1 20. 0-0-0 Bf3 21. Rd2 Qe7 22. Qc3 g4 23. Bf6 Qe6 24. b3 c5 25. Bh4 Qe5 26. Qxe5+ dxe5 27. Bf6 e4 28. Kb2 h5 29. Rd5 Rc8 30. Rxh5 Kd7 31. Rd5+ Ke6 32. Bh4 f5 33. Bg3 Rh8 34. Rd6+ Ke7 35. Ka3 Rd8 36. Rh6 Ra8 37. Ka4 Kf7 38. Kb5 Kg7 39. Rd6 Kf7 40. Ka6 Ke7 41. Rh6 Rd8 42. Bh4+ 1-0

[Event "George Trundle Masters"]
[Site "Auckland"]
[Date "2017.10.04"]
[Round "5"]
[White "Lukey, Stephen G"]
[Black "Hague, Ben"]
[Result "1-0"]
[WhiteElo "2188"]
[BlackElo "2365"]
[PlyCount "135"]
[EventDate "2017.09.30"]
[EventType "tourn"]
[EventRounds "9"]
[EventCountry "NZL"]
[EventCategory "1"]
[SourceTitle "CBM 181 Extra"]
[Source "ChessBase"]
[SourceDate "2017.12.12"]
[SourceVersion "1"]
[SourceVersionDate "2017.12.12"]
[SourceQuality "1"]

1. d4 Nf6 2. c4 e6 3. Nf3 d5 4. Nc3 Be7 5. Bf4 0-0 6. e3 b6 7. Bd3 dxc4 8. Bxc4 Bb7 9. h3 c5 10. 0-0 Nc6 11. a3 cxd4 12. exd4 Rc8 13. Ba2 Na5 14. Ne5 Nd5 15. Bd2 Nxc3 16. Bxc3 Bd5 17. Bxa5 bxa5 18. Bb1 Bd6 19. Qh5 g6 20. Qh6 Rc7 21. Re1 Qf6 22. Bd3 Rb8 23. Qd2 Qh4 24. Bf1 Rbc8 25. Qe3 Rc2 26. Rab1 Rb8 27. Rec1 Rcxb2 28. Rxb2 Rxb2 29. Rc8+ Kg7 30. g3 Qe4 31. Qxe4 Bxe4 32. Nc4 Rb1 33. Nxd6 Bd3 34. Rc7 Rxf1+ 35. Kg2 Ra1 36. Rxf7+ Kg8 37. Rxa7 Rxa3 38. Kf3 Bc4+ 39. Kg4 Bd5 40. f4 h6 41. Nf7 h5+ 42. Kh4 a4 43. Ne5 Kf8 44. Nxg6+ Ke8 45. Ne5 Ra1 46. Nd3 a3 47. Nb4 Bc4 48. Nc2 Rh1 49. Rxa3 Bf1 50. Kxh5 Bxh3 51. Kg5 Rh2 52. Ne3 Rd2 53. Kh4 Bf5 54. Nxf5 exf5 55. Ra5 Rxd4 56. Rxf5 Ke7 57. Kg5 Ke6 58. g4 Rd8 59. Rf6+ Ke7 60. f5 Rd4 61. Rh6 Kf7 62. Rh7+ Kg8 63. Ra7 Rb4 64. f6 Rc4 65. Kf5 Rb4 66. g5 Rb1 67. Ra8+ Kf7 68. g6# 1-0

[Event "George Trundle Masters"]
[Site "Auckland"]
[Date "2017.10.02"]
[Round "3"]
[White "Lukey, Stephen G"]
[Black "Croad, Nicholas"]
[Result "0-1"]
[WhiteElo "2188"]
[BlackElo "2247"]
[PlyCount "100"]
[EventDate "2017.09.30"]
[EventType "tourn"]
[EventRounds "9"]
[EventCountry "NZL"]
[EventCategory "1"]
[SourceTitle "CBM 181 Extra"]
[Source "ChessBase"]
[SourceDate "2017.12.12"]
[SourceVersion "1"]
[SourceVersionDate "2017.12.12"]
[SourceQuality "1"]

1. d4 Nf6 2. c4 e6 3. Nf3 b6 4. g3 Ba6 5. Qc2 Bb4+ 6. Bd2 Be7 7. Bg2 c6 8. 0-0 0-0 9. Ne5 d5 10. Rd1 Nfd7 11. cxd5 Nxe5 12. dxe5 cxd5 13. Nc3 Nd7 14. Qa4 Bc4 15. Be3 a5 16. Bd4 b5 17. Qc2 b4 18. b3 Ba6 19. Na4 Rc8 20. Qb2 Qc7 21. e4 dxe4 22. Bxe4 Bb7 23. Rac1 Qb8 24. Ba7 Rxc1 25. Qxc1 Qc8 26. Qxc8 Bxc8 27. f4 f6 28. Bb7 Nb8 29. Bg2 Nd7 30. Bh3 Kf7 31. exf6 Nxf6 32. Nc5 e5 33. f5 Rd8 34. Re1 Rd5 35. Ne6 h6 36. Bg2 Rd2 37. Rxe5 Rd1+ 38. Kf2 Ng4+ 39. Ke2 Rb1 40. Re4 Rb2+ 41. Ke1 Rxg2 42. Rxg4 Bf6 43. Rc4 Bxe6 44. Rc7+ Bd7 45. Rxd7+ Ke8 46. Rd5 Bc3+ 47. Kd1 Rxa2 48. Bd4 Rd2+ 49. Kc1 Rxd4 50. Rxa5 Rd7 0-1

[Event "NZL-ch op 124th"]
[Site "Wellington"]
[Date "2017.01.06"]
[Round "6"]
[White "Lukey, Stephen G"]
[Black "James, Jack"]
[Result "1/2-1/2"]
[WhiteElo "2190"]
[BlackElo "2012"]
[PlyCount "81"]
[EventDate "2017.01.01"]
[EventType "swiss"]
[EventRounds "9"]
[EventCountry "NZL"]
[SourceTitle "CBM 176 Extra"]
[Source "ChessBase"]
[SourceDate "2017.03.02"]
[SourceVersion "1"]
[SourceVersionDate "2017.03.02"]
[SourceQuality "1"]

1. d4 d5 2. c4 c6 3. Nf3 Nf6 4. Nc3 a6 5. c5 Bf5 6. Bf4 Nbd7 7. h3 e6 8. e3 Be7 9. Be2 0-0 10. 0-0 Qc8 11. Nh4 Bg6 12. Nxg6 hxg6 13. Qc2 Bd8 14. Rfc1 Bc7 15. b4 e5 16. dxe5 Bxe5 17. Bxe5 Nxe5 18. a4 Ned7 19. Rab1 Re8 20. Bf1 Ne4 21. Nxe4 Rxe4 22. Bd3 Re8 23. e4 dxe4 24. Bxe4 a5 25. b5 Nxc5 26. Bxg6 b6 27. Bh7+ Kf8 28. Bf5 Qc7 29. Bg4 cxb5 30. Qh7 Qe5 31. Rxb5 Rab8 32. Rd1 g6 33. Qh6+ Kg8 34. Bf3 Re6 35. Qd2 Kg7 36. Qc2 Qf4 37. Qc3+ Qf6 38. Qc4 Rd8 39. Rbb1 Red6 40. Rxd6 Rxd6 41. Qb5 1/2-1/2

[Event "NZL-ch op 124th"]
[Site "Wellington"]
[Date "2017.01.03"]
[Round "3"]
[White "Nijman, Brian"]
[Black "Lukey, Stephen G"]
[Result "0-1"]
[WhiteElo "2014"]
[BlackElo "2190"]
[PlyCount "54"]
[EventDate "2017.01.01"]
[EventType "swiss"]
[EventRounds "9"]
[EventCountry "NZL"]
[SourceTitle "CBM 176 Extra"]
[Source "ChessBase"]
[SourceDate "2017.03.02"]
[SourceVersion "1"]
[SourceVersionDate "2017.03.02"]
[SourceQuality "1"]

1. Nf3 Nf6 2. g3 d5 3. c4 e6 4. Bg2 Be7 5. 0-0 0-0 6. Qc2 c5 7. d3 Nc6 8. cxd5 exd5 9. Nc3 d4 10. Nd1 h6 11. a3 Be6 12. Bd2 Rc8 13. Rc1 b5 14. Ne1 Qb6 15. h3 Rfd8 16. Kh2 c4 17. Qb1 Na5 18. Bxa5 Qxa5 19. e3 cxd3 20. Rxc8 Bxc8 21. Qxd3 b4 22. Qd2 dxe3 23. Qxe3 Bc5 24. axb4 Bxb4 25. Nd3 Bd2 26. Qc5 Ba6 27. Qxa5 Bxa5 0-1

[Event "NZL-ch op 124th"]
[Site "Wellington"]
[Date "2017.01.02"]
[Round "2"]
[White "Lukey, Stephen G"]
[Black "Timergazi, Layla"]
[Result "1-0"]
[WhiteElo "2190"]
[BlackElo "2069"]
[PlyCount "141"]
[EventDate "2017.01.01"]
[EventType "swiss"]
[EventRounds "9"]
[EventCountry "NZL"]
[SourceTitle "CBM 176 Extra"]
[Source "ChessBase"]
[SourceDate "2017.03.02"]
[SourceVersion "1"]
[SourceVersionDate "2017.03.02"]
[SourceQuality "1"]

1. d4 Nf6 2. c4 g6 3. Nc3 Bg7 4. Bg5 d6 5. e3 0-0 6. Be2 Nc6 7. Nf3 Bd7 8. d5 Nb4 9. a3 Na6 10. Nd2 e6 11. 0-0 h6 12. Bh4 g5 13. Bg3 Re8 14. Qc2 Qe7 15. Rae1 c6 16. c5 exd5 17. Bxd6 Qe6 18. Nb3 Ne4 19. Nxe4 dxe4 20. Rd1 Qg6 21. Na5 b5 22. cxb6 axb6 23. Nc4 b5 24. Nb6 Rad8 25. Nxd7 Rxd7 26. Qxc6 Red8 27. Qxa6 Rxd6 28. Rxd6 Qxd6 29. Qxb5 Rb8 30. Qf5 Rxb2 31. Bc4 Qe7 32. Bd5 Rb8 33. a4 Re8 34. Rb1 Qc7 35. Bxe4 Re5 36. Qh7+ Kf8 37. g3 Ra5 38. Bc2 Rc5 39. Bd1 Rc1 40. Rxc1 Qxc1 41. Qd3 Bc3 42. Kg2 Qd2 43. Qc4 Qxd1 44. Qxc3 Qxa4 45. Qh8+ Ke7 46. Qe5+ Kf8 47. Qd5 Qc2 48. e4 Qe2 49. h3 Kg7 50. Qe5+ Kg8 51. Qf5 Qe1 52. h4 gxh4 53. Qg4+ Kh7 54. Qxh4 Qe2 55. Qf4 Kg7 56. Qf3 Qb2 57. Qg4+ Kh7 58. Qf5+ Kg7 59. e5 Qb7+ 60. Kh2 Qd5 61. Qf4 Kf8 62. Qf6 Qd4 63. Qf5 Kg7 64. Kh3 Qd5 65. Kg4 Qd1+ 66. f3 Qd4+ 67. Kh5 Qg1 68. Qf6+ Kg8 69. Kxh6 Qh2+ 70. Qh4 Qd2+ 71. Qg5+ 1-0

[Event "Olympiad-42"]
[Site "Baku"]
[Date "2016.09.10"]
[Round "8.4"]
[White "Garcia Paolicchi, Raul"]
[Black "Lukey, Stephen G"]
[Result "1-0"]
[WhiteElo "2153"]
[BlackElo "2217"]
[PlyCount "65"]
[EventDate "2016.09.02"]
[EventType "team-swiss"]
[EventRounds "11"]
[EventCountry "AZE"]
[SourceTitle "CBM 175"]
[Source "ChessBase"]
[SourceDate "2016.11.10"]
[SourceVersion "1"]
[SourceVersionDate "2016.11.10"]
[SourceQuality "1"]
[WhiteTeam "Andorra"]
[BlackTeam "New Zealand"]
[WhiteTeamCountry "AND"]
[BlackTeamCountry "NZL"]

1. d4 Nf6 2. Nf3 g6 3. Nbd2 c5 4. dxc5 Qa5 5. a3 Qxc5 6. b4 Qb6 7. Bb2 Bg7 8. e3 0-0 9. c4 d5 10. cxd5 Nxd5 11. Bxg7 Kxg7 12. Bc4 Nf6 13. Qb3 Nc6 14. h3 Bf5 15. 0-0 h6 16. Rfd1 Rad8 17. Be2 Be6 18. Qb2 Kg8 19. Nc4 Bxc4 20. Bxc4 Ne4 21. Qc2 Rxd1+ 22. Rxd1 Nxb4 23. axb4 Ng5 24. Ne5 Re8 25. Qxg6+ Qxg6 26. Nxg6 Kg7 27. Ne5 f6 28. Nf3 Ne4 29. Rd7 Nd6 30. Be6 Kf8 31. Nh4 Kg7 32. Nf5+ Nxf5 33. Bxf5 1-0

[Event "Olympiad-42"]
[Site "Baku"]
[Date "2016.09.06"]
[Round "5.4"]
[White "Bravo, William"]
[Black "Lukey, Stephen G"]
[Result "1-0"]
[WhiteElo "2194"]
[BlackElo "2217"]
[PlyCount "81"]
[EventDate "2016.09.02"]
[EventType "team-swiss"]
[EventRounds "11"]
[EventCountry "AZE"]
[SourceTitle "CBM 175"]
[Source "ChessBase"]
[SourceDate "2016.11.10"]
[SourceVersion "1"]
[SourceVersionDate "2016.11.10"]
[SourceQuality "1"]
[WhiteTeam "Nicaragua"]
[BlackTeam "New Zealand"]
[WhiteTeamCountry "NCA"]
[BlackTeamCountry "NZL"]

1. d4 Nf6 2. c4 g6 3. Nc3 Bg7 4. e4 d6 5. Nf3 0-0 6. Be2 e5 7. d5 Na6 8. Qc2 Nb4 9. Qb1 c5 10. a3 Na6 11. 0-0 Nh5 12. Bg5 f6 13. Be3 f5 14. Bg5 Bf6 15. Bxf6 Qxf6 16. exf5 Bxf5 17. Bd3 Nf4 18. Bxf5 gxf5 19. g3 Ng6 20. Qc1 e4 21. Ng5 Ne5 22. Ne6 Nf3+ 23. Kg2 Kh8 24. Qf4 Rf7 25. Nb5 Rg8 26. Nxd6 Rg4 27. Nxf7+ Qxf7 28. Qh6 Kg8 29. Rad1 Rg6 30. Qf4 h5 31. h3 Kh7 32. Qd6 Rg8 33. Nf4 Nc7 34. Qxc5 h4 35. d6 Ne6 36. Nxe6 hxg3 37. fxg3 Qxe6 38. Qc7+ Rg7 39. Qxg7+ Kxg7 40. d7 Qb6 41. d8Q 1-0

[Event "Olympiad-42"]
[Site "Baku"]
[Date "2016.09.03"]
[Round "2.4"]
[White "Lukey, Stephen G"]
[Black "Kostenko, Petr"]
[Result "0-1"]
[WhiteElo "2217"]
[BlackElo "2476"]
[PlyCount "74"]
[EventDate "2016.09.02"]
[EventType "team-swiss"]
[EventRounds "11"]
[EventCountry "AZE"]
[SourceTitle "CBM 175"]
[Source "ChessBase"]
[SourceDate "2016.11.10"]
[SourceVersion "1"]
[SourceVersionDate "2016.11.10"]
[SourceQuality "1"]
[WhiteTeam "New Zealand"]
[BlackTeam "Kazakhstan"]
[WhiteTeamCountry "NZL"]
[BlackTeamCountry "KAZ"]

1. d4 e6 2. c4 Nf6 3. Nf3 Bb4+ 4. Bd2 a5 5. g3 d5 6. Qc2 0-0 7. Bg2 c6 8. 0-0 Be7 9. Bf4 Nbd7 10. Ne5 Nxe5 11. Bxe5 g5 12. Bxf6 Bxf6 13. Rd1 Bg7 14. e3 Qe7 15. Nc3 dxc4 16. Na4 e5 17. Nb6 Ra6 18. Nxc8 Rxc8 19. dxe5 Qxe5 20. Qxc4 Rb6 21. b3 Rb4 22. Qc2 Bf6 23. Rab1 Rb5 24. Rd7 Rc5 25. Qe2 Qf5 26. Rbd1 Rc2 27. Bh3 Qxd7 28. Bxd7 Rxe2 29. Bxc8 b5 30. Rd6 Be7 31. Rxc6 Rxa2 32. Rb6 a4 33. bxa4 bxa4 34. Bb7 a3 35. Bd5 Rd2 36. Bb3 Rb2 37. Kg2 Kg7 0-1

[Event "NZL-ch rapid"]
[Site "Wellington"]
[Date "2013.01.11"]
[Round "3"]
[White "Hague, Ben"]
[Black "Lukey, Stephen G"]
[Result "1-0"]
[WhiteElo "2366"]
[BlackElo "2244"]
[PlyCount "53"]
[EventDate "2013.01.11"]
[EventType "swiss (rapid)"]
[EventRounds "9"]
[EventCountry "NZL"]
[SourceTitle "EXT 2018"]
[Source "ChessBase"]
[SourceDate "2017.10.13"]
[SourceVersion "1"]
[SourceVersionDate "2017.10.13"]
[SourceQuality "1"]

1. d4 Nf6 2. Nf3 g6 3. Bf4 Bg7 4. e3 d6 5. Be2 Nbd7 6. h3 0-0 7. 0-0 Re8 8. c4 e5 9. dxe5 Ne4 10. Qc2 dxe5 11. Bh2 Nef6 12. Nc3 c6 13. Rad1 Qa5 14. a3 a6 15. b4 Qc7 16. c5 a5 17. Bc4 Nf8 18. Rd6 axb4 19. axb4 b5 20. Bb3 N8d7 21. Ng5 Re7 22. f4 h6 23. Nxf7 Rxf7 24. Bxf7+ Kxf7 25. fxe5 Nxe5 26. Bxe5 Qe7 27. Bxf6 1-0

[Event "South Island-ch"]
[Site "Dunedin"]
[Date "2012.10.12"]
[Round "5"]
[White "Wansink, Robert"]
[Black "Lukey, Stephen G"]
[Result "1/2-1/2"]
[WhiteElo "2244"]
[BlackElo "2236"]
[PlyCount "22"]
[EventDate "2012.10.14"]
[EventType "swiss"]
[EventRounds "9"]
[EventCountry "NZL"]
[SourceTitle "EXT 2018"]
[Source "ChessBase"]
[SourceDate "2017.10.13"]
[SourceVersion "1"]
[SourceVersionDate "2017.10.13"]
[SourceQuality "1"]

1. e4 e6 2. d4 d5 3. e5 c5 4. c3 Nc6 5. Nf3 Bd7 6. a3 c4 7. g3 Na5 8. Nbd2 Ne7 9. Bh3 Nc8 10. 0-0 Nb6 11. Ne1 Qc7 1/2-1/2